La situación universitaria: lección inaugural del año académico de 1965 en el décimo aniversario de la Universidad Austral de Chile
Gespeichert in:
| 1. Verfasser: | |
|---|---|
| Format: | Buch |
| Sprache: | Spanisch |
| Veröffentlicht: |
Valdivia
Universidad Austral de Chile
1965
|
| Schlagworte: | |
| Tags: |
Tag hinzufügen
Keine Tags, Fügen Sie den ersten Tag hinzu!
|
MARC
| LEADER | 00000nam a2200000 a 4500 | ||
|---|---|---|---|
| 001 | UCW3547 | ||
| 003 | CL-VaPUC | ||
| 008 | 881107e19650000CL |||||||||||||||||spa|d | ||
| 082 | 0 | 4 | |a 378.83 |b MAR |2 21 |
| 100 | |a Martínez Bonati, Félix |e autor |9 492784 | ||
| 245 | 1 | 3 | |a La situación universitaria: lección inaugural del año académico de 1965 en el décimo aniversario de la Universidad Austral de Chile |
| 300 | |a 51 p | ||
| 942 | |c BK | ||
| 945 | |d 19881107 00:00:00 | ||
| 260 | |a Valdivia |b Universidad Austral de Chile |c 1965 | ||
| 650 | 0 | |a Educación superior |9 223851 | |
| 650 | 0 | |a Universidades |9 256317 | |
| 650 | 7 | |a CONFERENCIAS |2 CL-VaPUC |9 307824 | |
| 650 | 0 | |a Reforma universitaria |9 307515 | |
| 651 | 7 | |a CHILE |2 CL-VaPUC |9 307825 | |
| 583 | |a last modification |c 20170727 04:27:54 |k Rodrigo Vera | ||
| 999 | |c 217515 |d 217513 | ||
| 952 | |0 0 |1 0 |4 0 |6 378_830000000000000_MAR_1965 |7 0 |8 P |9 205274 |a BIBEDU |b BIBEDU |c BIBEDU_PB |d 2019-11-15 |i 1632353 |o 378.83 MAR 1965 |p 1632353 |r 2019-11-15 |w 2019-11-15 |y BK |k EDU | ||